000
00256nam a2200121Ia 4500
100
_a
Gokharu.
942
_c
BK
654
_a
Grinding
245
_a
Centreless Grinding
260
_b
D.B.Taraporevala sons &co.
_c
2001
082
_a
671.3
546
_a
ENGLISH
999
_c
18617
_d
18617